[Event "GER-chT School WK GS"]
[Site "Playchess.com INT"]
[Date "2020.06.18"]
[Round "6.2"]
[White "Lillich, Johannes"]
[Black "Matthes, Aimee"]
[Result "0-1"]
[WhiteElo "1385"]
[BlackElo "1391"]
[PlyCount "24"]
[EventDate "2020.06.11"]
[EventType "team-swiss (blitz)"]
[EventRounds "7"]
[EventCountry "GER"]
[SourceTitle "EXT 2021"]
[Source "ChessBase"]
[SourceDate "2020.10.23"]
[SourceVersion "1"]
[SourceVersionDate "2020.10.23"]
[SourceQuality "1"]
[WhiteTeam "Rauch BW"]
[BlackTeam "Zwoetzener Th"]
[WhiteTeamCountry "GER"]
[BlackTeamCountry "GER"]

1. e4 e5 2. Nf3 Nc6 3. Nc3 Bc5 4. Bc4 Nf6 5. 0-0 0-0 6. d3 d6 7. h3 Bg4 8. hxg4 Nxg4 9. Re1 Bxf2+ 10. Kf1 Bxe1 11. Kxe1 Qf6 12. Ng5 Qf2# 0-1

[Event "GER-chT School WK GS"]
[Site "Playchess.com INT"]
[Date "2020.06.18"]
[Round "5.2"]
[White "Matthes, Aimee"]
[Black "Ruether, Jakob"]
[Result "1-0"]
[WhiteElo "1391"]
[BlackElo "1436"]
[PlyCount "41"]
[EventDate "2020.06.11"]
[EventType "team-swiss (blitz)"]
[EventRounds "7"]
[EventCountry "GER"]
[SourceTitle "EXT 2021"]
[Source "ChessBase"]
[SourceDate "2020.10.23"]
[SourceVersion "1"]
[SourceVersionDate "2020.10.23"]
[SourceQuality "1"]
[WhiteTeam "Zwoetzener Th"]
[BlackTeam "Muenchen Str BY"]
[WhiteTeamCountry "GER"]
[BlackTeamCountry "GER"]

1. e4 e5 2. Nf3 Nc6 3. Nc3 Nf6 4. Bd3 Bc5 5. Bc4 Ng4 6. 0-0 0-0 7. a3 Nd4 8. b4 Bb6 9. a4 a5 10. Ba3 axb4 11. Bxb4 Nxf3+ 12. Qxf3 Bxf2+ 13. Kh1 Qh4 14. h3 d6 15. Nb5 Ne3 16. dxe3 c6 17. Bxd6 Rd8 18. Qxf7+ Kh8 19. Be7 Rg8 20. Bxh4 Bxh4 21. Qxg8# 1-0